01697nam a2200385Ii 4500001001200000003000800012008004100020006001900061007001500080035002100095040003100116020003000147020001800177043001200195050001500207100002900222245018900251264005400440300002300494336002600517337002600543338003600569347002100605347000800626490002700634504005100661588008300712650004800795650004600843650004400889655002200933776012200955830016201077856007201239DIGNOBUK353NyNyDIG220801s2007 ag ob 001 0 spa dm o d cr ||||||||||| a(OCoLC)868933040 aDGITAbengerdaepncDGITA a9781449254582qeBookqpdf z9789875840843 as-ag---14aHT65 ebook1 aAinstein, Luis,eauthor.10aAsimetrías urbanas :bineficiencia e inequidad en las condiciones sociales de acceso a servicios de saneamiento y transporte en el aglomerado urbano de Buenos Aires /cLuis Ainstein. 1aBuenos Aires :bEdiciones Fadu :bNobuko,c[2007] a1 online resource. atextbtxt2rdacontent acomputerbc2rdamedia aonline resourcebcr2rdacarrier atext file2rdaft bPDF1 aSerie Difusión ;v18 aIncludes bibliographical references and index.0 aOnline resource; title from PDF title page (Digitalia, viewed August 01, 2022) 0aHuman settlementszArgentinazBuenos Aires. 0aUrban sociologyzArgentinazBuenos Aires. 0aLocal transitzArgentinazBuenos Aires. 0aElectronic books.08iPrint version:aAinstein, Luis.tAsimetrías urbanas.dBuenos Aires : Ediciones Fadu : Nobuko, [2007]z9789875840843 0aSerie Difusión (Universidad de Buenos Aires. Facultad de Arquitectura, Diseño y Urbanismo. Secretaría de Investigación en Ciencia y Técnica) ;v18.403Digitalia Hispánicauhttps://www.digitaliapublishing.com/a/34148/